000 00645nam a2200217 a 4500
005 20241012063922.0
008 030327s2001 mx r 000 0 spa d
020 _a848019524X
035 _aUPN01000123338
049 _aCG
050 4 _aGV341
_bP5.4
100 1 _aPinos Quílez, Martín
245 1 0 _aJuegos de aventura :
_bjuegos innovadores para educación física y tiempo libre /
_cpor Martín Pinos Quílez.
260 _aBarcelona, Esp. :
_bPaidotribo,
_cc2001.
300 _a163 p. :
_bil.
440 0 _ajuegos
650 4 _aJuegos educativos
_93952
650 4 _aEducación física
_912884
905 _aLibro
999 _c95519
_d95519